Medicine Through Time / A Study in Development: Teacher's Guide (Record no. 3952)
[ view plain ]
| 000 -LEADER | |
|---|---|
| fixed length control field | 01357cam a22002054a 4500 |
| 005 - ΗΜΕΡΟΜΗΝΙΑ ΚΑΙ ΩΡΑ ΤΕΛΕΥΤΑΙΑΣ ΕΝΗΜΕΡΩΣΗΣ | |
| Πεδίο ελέγχου | 20250605164130.0 |
| 008 - FIXED-LENGTH DATA ELEMENTS--GENERAL INFORMATION | |
| Πεδίο ελέγχου σταθερού μήκους | 250528s ||||||||||||||||||||||||d |
| 035 ## - SYSTEM CONTROL NUMBER | |
| System control number | 18603 |
| 020 ## - ISBN | |
| ISBN | 715726881 |
| 040 ## - ΠΗΓΗ ΚΑΤΑΛΟΓΟΓΡΑΦΗΣΗΣ | |
| Φορέας πρωτότυπης καταλογογράφησης | MC Athens Campus Library |
| Γλώσσα καταλογογράφησης | Ελληνικά, Μοντέρνα (1453-) |
| Modifying agency | MC Athens Campus Library |
| Κανόνες περιγραφικής καταλογογράφησης | AACR2 |
| 245 1# - ΤΙΤΛΟΣ ΚΑΙ ΔΗΛΩΣΗ ΥΠΕΥΘΥΝΟΤΗΤΑΣ | |
| Τίτλος | Medicine Through Time / A Study in Development: Teacher's Guide |
| 260 ## - PUBLICATION, DISTRIBUTION, ETC. | |
| Date of publication, distribution, etc. | 1988 |
| 300 ## - PHYSICAL DESCRIPTION | |
| Extent | 32 |
| 520 ## - SUMMARY, ETC. | |
| Summary, etc. | A complete reconsideration of the nature of History teaching in Schools. Aims and Objectives, Planning the Course, Teaching the Course, Teaching the Narrative, Introduction, Prehistoric Times, The First Civilizations, The Ancient World, The Middle Ages, The Growth of European Medicine (a) to c. 1800, The Growth of Modern European Medicine (b) 1800-1900, Medicine in the 20th Century, Revision and Assessment, Teaching the Factors, Introduction, Factors 1: Religion, Factors 2: War, Factors 3: Government, Factors 4: Science and Technology, Separate Factors and Factors in Combination, Teaching Why Did It Happen Then?, Teaching Understanding Change and Continuity, Understanding the Pace of Change, Development, Turning Points in History, Some Changes that Got Nowhere - or Not Until Later, Progress - Have Things Got Better?, Revision and Assessment. |
| 700 1# - ΠΡΟΣΘΕΤΗ ΑΝΑΓΡΑΦΗ--ΦΥΣΙΚΟ ΠΡΟΣΩΠΟ | |
| Personal name | Holmes Mcdougall |
| 9 (RLIN) | 2272 |
| 700 1# - ΠΡΟΣΘΕΤΗ ΑΝΑΓΡΑΦΗ--ΦΥΣΙΚΟ ΠΡΟΣΩΠΟ | |
| Personal name | Scott Joe |
| 9 (RLIN) | 4865 |
| 942 ## - ADDED ENTRY ELEMENTS (KOHA) | |
| Koha item type | Books |
| Τύπος τεκμηρίου | Βιβλιοθήκη | Τρέχουσα τοποθεσία | Barcode | Αριθμός εισαγωγής | Ημερομηνία απόκτησης | Ταξιθετικό σύμβολο | Αριθμός αντιτύπου | Κατάσταση απόσυρσης | Κατάσταση χαμένου | Κατάσταση κατεστραμμένου | Μη δανεισμός | Σύνολο δανεισμών | Ημερομηνία τελευταίας εμφάνισης | Η τιμή ισχύει από |
|---|---|---|---|---|---|---|---|---|---|---|---|---|---|---|
| Books | MC Athens Campus Library | MC Athens Campus Library | 9780000039514 | 3507 | 05/06/2025 | 610.9 SCO | 1 | 05/06/2025 | 05/06/2025 |